[Event "NOR-chT Clubs"]
[Site "Drammen"]
[Date "2022.05.26"]
[Round "6"]
[White "Nilsen, Filip"]
[Black "Evensen, Per Erik"]
[Result "1/2-1/2"]
[WhiteElo "1419"]
[BlackElo "1389"]
[PlyCount "52"]
[EventDate "2022.05.26"]
[EventType "team-swiss"]
[EventRounds "6"]
[EventCountry "NOR"]
[SourceTitle "EXT 2024"]
[Source "ChessBase"]
[SourceDate "2023.10.10"]
[SourceVersion "1"]
[SourceVersionDate "2023.10.10"]
[SourceQuality "1"]
[WhiteTeam "Lillestrom"]
[BlackTeam "Modum"]
[WhiteTeamCountry "NOR"]
[BlackTeamCountry "NOR"]

1. d4 Nf6 2. Bf4 e6 3. e3 d5 4. Nd2 c5 5. c3 cxd4 6. exd4 Bd6 7. Bg3 0-0 8. Ngf3 b6 9. Bd3 Ba6 10. Bxa6 Nxa6 11. 0-0 Nc7 12. Re1 Bxg3 13. hxg3 Nb5 14. Ne5 Nd6 15. f3 h5 16. Kf2 g6 17. Qe2 Kg7 18. Rac1 Rc8 19. c4 dxc4 20. Ndxc4 Nxc4 21. Rxc4 Rxc4 22. Qxc4 Nd5 23. Nd3 Re8 24. Nb4 Nxb4 25. Qxb4 Re7 26. Rd1 Rd7 1/2-1/2

[Event "EU-ch Seniors 50 18th"]
[Site "Drammen"]
[Date "2018.08.08"]
[Round "5"]
[White "Evensen, Per Erik"]
[Black "Warstad, Leif Edvin"]
[Result "1/2-1/2"]
[WhiteElo "1447"]
[BlackElo "1564"]
[PlyCount "39"]
[EventDate "2018.08.04"]
[EventType "swiss"]
[EventRounds "9"]
[EventCountry "NOR"]
[SourceTitle "CBM 185 Extra"]
[Source "ChessBase"]
[SourceDate "2018.07.29"]
[SourceVersion "1"]
[SourceVersionDate "2018.07.29"]
[SourceQuality "1"]

1. d4 Nf6 2. Nf3 d5 3. c4 e6 4. Nc3 Be7 5. Bf4 Nbd7 6. e3 0-0 7. Bd3 c5 8. cxd5 exd5 9. dxc5 Nxc5 10. Be2 b6 11. 0-0 Bb7 12. Nd4 Ne6 13. Nxe6 fxe6 14. Be5 Rc8 15. Nb5 a6 16. Nd4 Qd7 17. Qb3 b5 18. Rac1 Rxc1 19. Rxc1 Bd6 20. Bxd6 1/2-1/2

[Event "NOR-ch Class4"]
[Site "Stavanger"]
[Date "2017.07.03"]
[Round "4"]
[White "Evensen, Per Erik"]
[Black "Olsen, Jens Petter"]
[Result "1/2-1/2"]
[WhiteElo "1131"]
[BlackElo "1154"]
[PlyCount "148"]
[EventDate "2017.07.01"]
[EventType "swiss"]
[EventRounds "9"]
[EventCountry "NOR"]
[SourceTitle "EXT 2024"]
[Source "ChessBase"]
[SourceDate "2023.10.10"]
[SourceVersion "1"]
[SourceVersionDate "2023.10.10"]
[SourceQuality "1"]

1. d4 d5 2. c4 e6 3. Nf3 Nf6 4. Nc3 Be7 5. e3 0-0 6. Bd3 c6 7. 0-0 Nbd7 8. Qc2 h6 9. Re1 Re8 10. b3 b6 11. Bb2 Qc7 12. Rac1 Bb7 13. cxd5 cxd5 14. Qb1 Rac8 15. Nxd5 Qb8 16. Nxe7+ Rxe7 17. Rxc8+ Qxc8 18. Rc1 Qa8 19. Be2 Re8 20. Qd3 Be4 21. Qd1 Rd8 22. g3 Ng4 23. Nd2 Bh1 24. Bf3 Bxf3 25. Qxf3 Qxf3 26. Nxf3 Kf8 27. Rc7 a5 28. Ba3+ Ke8 29. h3 Ngf6 30. Nd2 Nd5 31. Rc2 g6 32. Nc4 Nb4 33. Bxb4 axb4 34. Nd6+ Kf8 35. Ne4 Ke7 36. Rc4 Ra8 37. Rc2 Kd8 38. Kg2 Rc8 39. Rxc8+ Kxc8 40. Nd6+ Kc7 41. Nxf7 h5 42. Kf3 Nf6 43. Ne5 Nd5 44. Nd3 Kc6 45. e4 Nc3 46. Nxb4+ Kb5 47. Nd3 Nxa2 48. d5 exd5 49. exd5 Nc3 50. d6 Kc6 51. d7 Kxd7 52. Ne5+ Kd6 53. Nd3 g5 54. Ke3 Kd5 55. f4 gxf4+ 56. Nxf4+ Kc5 57. Nd3+ Kd5 58. g4 hxg4 59. hxg4 Ne4 60. Nb4+ Ke5 61. Nd3+ Kd5 62. Nf2 Nf6 63. g5 Ng8 64. Ne4 Ke5 65. Kd3 Kf5 66. Kd4 Ne7 67. Nd6+ Kxg5 68. Kc4 Kf6 69. Kb5 Nd5 70. Nc4 Kf5 71. Nxb6 Nc3+ 72. Kc6 Ke4 73. b4 Kd4 74. Na4 Kc4 1/2-1/2

[Event "Drammen CC-ch Class2"]
[Site "Drammen"]
[Date "2016.04.12"]
[Round "8"]
[White "Evensen, Per Erik"]
[Black "Tommerhol, Einar Tofteng"]
[Result "0-1"]
[WhiteElo "1068"]
[BlackElo "896"]
[PlyCount "40"]
[EventDate "2016.02.02"]
[EventType "swiss"]
[EventRounds "9"]
[EventCountry "NOR"]
[SourceTitle "EXT 2024"]
[Source "ChessBase"]
[SourceDate "2023.10.10"]
[SourceVersion "1"]
[SourceVersionDate "2023.10.10"]
[SourceQuality "1"]

1. d4 d5 2. c4 c6 3. Nc3 Nf6 4. Bg5 Bf5 5. Nf3 e6 6. e3 Bb4 7. Bd3 Bg4 8. cxd5 exd5 9. 0-0 Bxc3 10. bxc3 Nbd7 11. c4 0-0 12. cxd5 cxd5 13. Rc1 Rc8 14. Be2 Rxc1 15. Qxc1 Qc8 16. Qd2 Ne4 17. Rc1 Nxd2 18. Rxc8 Rxc8 19. h3 Nxf3+ 20. Bxf3 Bxf3 0-1

[Event "Drammen CC-ch Class2"]
[Site "Drammen"]
[Date "2016.01.12"]
[Round "1"]
[White "Aarvik Hansen, Havard"]
[Black "Evensen, Per Erik"]
[Result "1-0"]
[WhiteElo "959"]
[BlackElo "1068"]
[PlyCount "67"]
[EventDate "2016.02.02"]
[EventType "swiss"]
[EventRounds "9"]
[EventCountry "NOR"]
[SourceTitle "EXT 2024"]
[Source "ChessBase"]
[SourceDate "2023.10.10"]
[SourceVersion "1"]
[SourceVersionDate "2023.10.10"]
[SourceQuality "1"]

1. e4 e6 2. d4 d5 3. e5 c5 4. c3 cxd4 5. cxd4 Nc6 6. Nf3 Nge7 7. Nc3 Nf5 8. g4 Nfe7 9. Bd3 Bd7 10. Nb5 Nc8 11. 0-0 Be7 12. Be3 0-0 13. a3 Nb6 14. Nd2 a6 15. Nc3 Na5 16. f4 f6 17. Qf3 fxe5 18. dxe5 Bc6 19. Qh3 g6 20. Ne2 Nbc4 21. f5 exf5 22. gxf5 Nxe5 23. Nf4 Bd7 24. Qg2 Bxf5 25. Bxf5 Rxf5 26. Nxd5 Rxf1+ 27. Rxf1 Nac4 28. Nxe7+ Qxe7 29. Qd5+ Kg7 30. Nxc4 Rd8 31. Qxe5+ Qxe5 32. Nxe5 Re8 33. Bd4 Kg8 34. Nf7 1-0

[Event "Oslo Kampen Club-ch"]
[Site "Oslo"]
[Date "2015.12.07"]
[Round "7"]
[White "Barrientos, Carlos"]
[Black "Evensen, Per Erik"]
[Result "1-0"]
[WhiteElo "1692"]
[BlackElo "1361"]
[PlyCount "49"]
[EventDate "2015.10.24"]
[EventType "swiss"]
[EventRounds "7"]
[EventCountry "NOR"]
[SourceTitle "EXT 2023"]
[Source "ChessBase"]
[SourceDate "2022.10.05"]
[SourceVersion "1"]
[SourceVersionDate "2022.10.05"]
[SourceQuality "1"]

1. e4 e6 2. Nc3 d5 3. exd5 exd5 4. d4 Nf6 5. Be3 Bb4 6. Bd3 0-0 7. a3 Ba5 8. Nge2 Be6 9. 0-0 c6 10. Bg5 Nbd7 11. Ng3 Qc8 12. Nh5 Bd8 13. h3 b6 14. f4 Nxh5 15. Qxh5 g6 16. Qh6 Bxg5 17. fxg5 Qc7 18. Rf6 Qg3 19. Raf1 Qe3+ 20. Kh1 Nxf6 21. Rxf6 Qxd4 22. Ne2 Qxb2 23. Nf4 Qe5 24. Nh5 gxh5 25. Qxh7# 1-0

[Event "Oslo Spring"]
[Site "Oslo"]
[Date "2015.05.11"]
[Round "9"]
[White "Evensen, Per Erik"]
[Black "Barrientos, Carlos"]
[Result "0-1"]
[WhiteElo "1004"]
[BlackElo "1230"]
[PlyCount "120"]
[EventDate "2015.01.05"]
[EventType "swiss"]
[EventRounds "11"]
[EventCountry "NOR"]
[SourceTitle "EXT 2024"]
[Source "ChessBase"]
[SourceDate "2023.10.10"]
[SourceVersion "1"]
[SourceVersionDate "2023.10.10"]
[SourceQuality "1"]

1. c4 e5 2. g3 f5 3. Bg2 Nf6 4. d3 Be7 5. Nc3 c6 6. Bd2 0-0 7. a3 d6 8. Qb3 Kh8 9. Nf3 Na6 10. 0-0 Nc5 11. Qc2 Ne6 12. Na2 Bd7 13. Bc3 Be8 14. Rfe1 f4 15. Rad1 Ng4 16. Rf1 Bg6 17. Nd2 Ng5 18. Ne4 Nf7 19. Qc1 d5 20. cxd5 cxd5 21. Nd2 Rc8 22. Qa1 a5 23. b4 a4 24. Bh3 Ngh6 25. Nf3 d4 26. Bd2 Bf6 27. gxf4 e4 28. Ne1 e3 29. fxe3 dxe3 30. Bc3 Bxc3 31. Nxc3 Qh4 32. Rf3 Bf5 33. Ng2 Qf6 34. Nxa4 Qe6 35. Bxf5 Nxf5 36. Nc5 Qg6 37. Kh1 N7h6 38. Rg1 Qh5 39. Qe1 Ng4 40. h3 Nf2+ 41. Kh2 Ng4+ 42. Kh1 Rf6 43. Ne4 Rh6 44. Ng5 Nd4 45. Rg3 Rc2 46. Nxe3 Rxe2 47. Nxg4 Rxe1 48. Rxe1 Rc6 49. Ne5 Rc8 50. Ngf7+ Kg8 51. Reg1 g6 52. Nd7 Kxf7 53. Ne5+ Kg8 54. Nf3 Ne2 55. Ng5 Nxg3+ 56. Rxg3 Rc1+ 57. Kh2 Qe2+ 58. Rg2 Qxd3 59. Ne6 Kh8 60. Nc5 Qf5 0-1

[Event "Oslo Spring"]
[Site "Oslo"]
[Date "2015.01.19"]
[Round "2"]
[White "Hem, Geir"]
[Black "Evensen, Per Erik"]
[Result "1-0"]
[WhiteElo "1371"]
[BlackElo "1004"]
[PlyCount "91"]
[EventDate "2015.01.05"]
[EventType "swiss"]
[EventRounds "11"]
[EventCountry "NOR"]
[SourceTitle "EXT 2024"]
[Source "ChessBase"]
[SourceDate "2023.10.10"]
[SourceVersion "1"]
[SourceVersionDate "2023.10.10"]
[SourceQuality "1"]

1. d4 e6 2. Nf3 d5 3. Bf4 Nf6 4. e3 c5 5. c3 Nc6 6. Bd3 Be7 7. Nbd2 b6 8. Qe2 Bb7 9. Ne5 Rc8 10. Bb5 Bd6 11. Nxc6 Bxc6 12. Bxc6+ Rxc6 13. Qb5 Qd7 14. Bxd6 Qxd6 15. Nf3 Nd7 16. 0-0 0-0 17. Rfd1 Re8 18. Rac1 Rcc8 19. c4 Nf6 20. cxd5 cxd4 21. dxe6 Qxe6 22. Nxd4 Qe4 23. h3 Red8 24. Qa6 Rxc1 25. Rxc1 Nd5 26. Rc8 Qe8 27. Rxd8 Qxd8 28. Qxa7 h6 29. a3 Qg5 30. Qa8+ Kh7 31. a4 Nxe3 32. Qe4+ g6 33. Qxe3 Qd8 34. b3 Qd6 35. g3 Qb4 36. Nc6 Qd6 37. Qxb6 Qd1+ 38. Kh2 Qf3 39. a5 h5 40. h4 g5 41. Ne5 Qf5 42. Nxf7 Qxf7 43. hxg5 Kg7 44. Qf6+ Kf8 45. Qxf7+ Kxf7 46. a6 1-0